| 000 | 00953nam a2200181 a 4500 | ||
|---|---|---|---|
| 008 | 120416s2011 ||||||||||||||||| || u | ||
| 050 | _aUN-ESCWA(058) | ||
| 110 | _aUnited Nations Economic and Social Commission for Western Asia (ESCWA) | ||
| 245 | 1 | 0 |
_aRegional profile of the information society in Western Asia _cby United Nations Economic and Social Commission for Western Asia [UN-ESCWA] |
| 260 |
_aNew York: _bUNITED NATIONS _c2011 |
||
| 300 | _axx, 183p.: ill. | ||
| 350 | _a0.00 | ||
| 362 | 1 | _a<p>2011</p> | |
| 650 | _aINFORMATION COMMUNICATION TECHNOLOGY--INFRASTRUCTURE--ASIA, WESTERN | ||
| 650 | _aINFORMATION | ||
| 995 |
_aSPECIAL COLLECTIONS _e82 _FCBU-MAIN LIBRARY (Kitwe) _I0.00 _jUN-ESCWA(058)RPIS/2011 _M1 _UAVAILABLE _WAug 7, 2012 _yB82 _ZInternational Publications |
||
| 995 |
_aSPECIAL COLLECTIONS _D0.00 _e03006992 _FCBU-MAIN LIBRARY (Kitwe) _H1 _I0.00 _jUN-ESCWA(058)RPIS/2009 _M3 _UAVAILABLE _WAug 24, 2010 _y03006992 _ZInternational Publications |
||
| 999 |
_c80022 _d80022 |
||